|
|
|
|
| LEADER |
03304nam a22005535i 4500 |
| 001 |
978-3-540-37863-1 |
| 003 |
DE-He213 |
| 005 |
20151204182756.0 |
| 007 |
cr nn 008mamaa |
| 008 |
100301s2006 gw | s |||| 0|eng d |
| 020 |
|
|
|a 9783540378631
|9 978-3-540-37863-1
|
| 024 |
7 |
|
|a 10.1007/11801412
|2 doi
|
| 040 |
|
|
|d GrThAP
|
| 050 |
|
4 |
|a QA76.9.A25
|
| 072 |
|
7 |
|a URY
|2 bicssc
|
| 072 |
|
7 |
|a COM053000
|2 bisacsh
|
| 082 |
0 |
4 |
|a 005.82
|2 23
|
| 245 |
1 |
0 |
|a Secure Mobile Ad-hoc Networks and Sensors
|h [electronic resource] :
|b First International Workshop, MADNES 2005, Singapore, September 20-22, 2005, Revised Selected Papers /
|c edited by Mike Burmester, Alec Yasinsac.
|
| 264 |
|
1 |
|a Berlin, Heidelberg :
|b Springer Berlin Heidelberg,
|c 2006.
|
| 300 |
|
|
|a X, 193 p.
|b online resource.
|
| 336 |
|
|
|a text
|b txt
|2 rdacontent
|
| 337 |
|
|
|a computer
|b c
|2 rdamedia
|
| 338 |
|
|
|a online resource
|b cr
|2 rdacarrier
|
| 347 |
|
|
|a text file
|b PDF
|2 rda
|
| 490 |
1 |
|
|a Lecture Notes in Computer Science,
|x 0302-9743 ;
|v 4074
|
| 505 |
0 |
|
|a Mobile Ad-Hoc Networks and Sensors -- Keynote: On the Security of Emergent Properties in Traditional and Ad-Hoc Networks -- A Novel Pairwise Key Predistribution Scheme for Ubiquitous Sensor Network -- Key Management for Mobile Sensor Networks -- Server-Aided RSA Key Generation Against Collusion Attack -- Hybrid Approach for Secure Mobile Agent Computations -- An XML Standards Based Authorization Framework for Mobile Agents -- Distributed Data Mining Protocols for Privacy: A Review of Some Recent Results -- Detecting Impersonation Attacks in Future Wireless and Mobile Networks -- Anonymous Distribution of Encryption Keys in Cellular Broadcast Systems -- Non-group Cellular Automata Based One Time Password Authentication Scheme in Wireless Networks -- Keynote: Efficient Cryptographic Techniques for Mobile Ad-Hoc Networks -- How to Generate Universally Verifiable Signatures in Ad-Hoc Networks -- “Fair” Authentication in Pervasive Computing -- Cryptanalysis of the Energy Efficient Stream Ciphers SSC2 -- ARMS: An Authenticated Routing Message in Sensor Networks -- Security Analysis and Improvement of Return Routability Protocol -- Dark Encounter Computations -- Panel: Authentication in Constrained Environments.
|
| 650 |
|
0 |
|a Computer science.
|
| 650 |
|
0 |
|a Computer communication systems.
|
| 650 |
|
0 |
|a Data encryption (Computer science).
|
| 650 |
|
0 |
|a Algorithms.
|
| 650 |
|
0 |
|a Management information systems.
|
| 650 |
|
0 |
|a Electrical engineering.
|
| 650 |
1 |
4 |
|a Computer Science.
|
| 650 |
2 |
4 |
|a Data Encryption.
|
| 650 |
2 |
4 |
|a Computer Communication Networks.
|
| 650 |
2 |
4 |
|a Algorithm Analysis and Problem Complexity.
|
| 650 |
2 |
4 |
|a Management of Computing and Information Systems.
|
| 650 |
2 |
4 |
|a Information Systems Applications (incl. Internet).
|
| 650 |
2 |
4 |
|a Communications Engineering, Networks.
|
| 700 |
1 |
|
|a Burmester, Mike.
|e editor.
|
| 700 |
1 |
|
|a Yasinsac, Alec.
|e editor.
|
| 710 |
2 |
|
|a SpringerLink (Online service)
|
| 773 |
0 |
|
|t Springer eBooks
|
| 776 |
0 |
8 |
|i Printed edition:
|z 9783540366461
|
| 830 |
|
0 |
|a Lecture Notes in Computer Science,
|x 0302-9743 ;
|v 4074
|
| 856 |
4 |
0 |
|u http://dx.doi.org/10.1007/11801412
|z Full Text via HEAL-Link
|
| 912 |
|
|
|a ZDB-2-SCS
|
| 912 |
|
|
|a ZDB-2-LNC
|
| 950 |
|
|
|a Computer Science (Springer-11645)
|